[Event "NED-ch Women 2021"]
[Site "Hoogeveen"]
[Date "2021.10.17"]
[Round "1.1"]
[White "Roebers, Eline"]
[Black "Van Foreest, Machteld"]
[Result "1-0"]
[WhiteElo "2283"]
[BlackElo "2132"]
[Annotator "ChessBase"]
[PlyCount "161"]
[EventDate "2021.10.17"]
[EventType "tourn"]
[EventCountry "NED"]
[SourceTitle "playchess.com"]
[Source "ChessBase"]
[SourceQuality "1"]
[TimeControl "40/5400+30:1800+30"]

1. e4 {[%emt 0:00:30]} d5 {[%emt 0:00:06]} 2. exd5 {[%emt 0:00:00]} Qxd5 {[%emt 0:00:03]} 3. Nc3 {[%emt 0:00:00]} Qd6 {[%emt 0:00:18]} 4. Nf3 {[%emt 0:00:43]} Bg4 {[%emt 0:00:05]} 5. d4 {[%emt 0:02:34]} Nf6 {[%emt 0:00:58]} 6. h3 {[%emt 0:06:19]} Bxf3 {[%emt 0:06:15]} 7. Qxf3 {[%emt 0:00:09]} c6 {[%emt 0:00:04]} 8. Be3 {[%emt 0:01:04]} e6 {[%emt 0:02:01]} 9. O-O-O {[%emt 0:00:42]} Be7 {[%emt 0:08:23]} 10. g4 {[%emt 0:04:38]} Nbd7 {[%emt 0:01:44]} 11. Kb1 {[%emt 0:12:34]} h6 {[%emt 0:06:42]} 12. h4 {[%emt 0:04:35]} O-O-O {[%emt 0:05:24]} 13. Bh3 {[%emt 0:02:21]} Rhf8 {[%emt 0:08:50]} 14. Bf4 {[%emt 0:03:53]} Qb4 {[%emt 0:02:34]} 15. g5 {[%emt 0:00:09]} hxg5 {[%emt 0:03:51]} 16. hxg5 {[%emt 0:00:06]} Ne8 {[%emt 0:12:17]} 17. a3 {[%emt 0:10:13]} Qb6 {[%emt 0:07:24]} 18. Ne4 {[%emt 0:12:53]} f5 {[%emt 0:06:42]} 19. gxf6 {[%emt 0:01:00]} Nexf6 {[%emt 0:00:05]} 20. Nd6+ {[%emt 0:06:06]} Bxd6 {[%emt 0:00:02]} 21. Bxd6 {[%emt 0:00:06]} Rfe8 {[%emt 0:00:48]} 22. Qe3 {[%emt 0:04:53]} Nd5 {[%emt 0:01:34]} 23. Qg3 {[%emt 0:00:40]} N7f6 {[%emt 0:03:00]} 24. Rhe1 {[%emt 0:04:18]} Nc3+ {[%emt 0:04:34]} 25. Qxc3 {[%emt 0:00:10]} Rxd6 {[%emt 0:00:02]} 26. Re5 {[%emt 0:06:37]} Kb8 {[%emt 0:02:21]} 27. Qg3 {[%emt 0:00:21]} Qc7 {[%emt 0:00:32]} 28. c3 {[%emt 0:00:46]} Ka8 {[%emt 0:03:56]} 29. Rxe6 {[%emt 0:04:25]} Rexe6 {[%emt 0:00:08]} 30. Bxe6 {[%emt 0:00:06]} Qe7 {[%emt 0:03:51]} 31. Bf5 {[%emt 0:00:23]} Rd8 {[%emt 0:01:15]} 32. Rg1 {[%emt 0:00:50]} Qe2 {[%emt 0:00:55]} 33. Bd3 {[%emt 0:01:17]} Qe6 {[%emt 0:01:13]} 34. Qe3 {[%emt 0:02:07]} Qf7 {[%emt 0:00:26]} 35. Bg6 {[%emt 0:01:16]} Qf8 {[%emt 0:01:37]} 36. Re1 {[%emt 0:00:43]} Nd5 {[%emt 0:00:15]} 37. Qg5 {[%emt 0:02:02]} Rb8 {[%emt 0:00:46]} 38. Qg3 {[%emt 0:01:39]} Nf4 {[%emt 0:00:48]} 39. Bc2 {[%emt 0:00:54]} a6 {[%emt 0:00:17]} 40. Re5 {[%emt 0:00:19]} Nd5 {[%emt 0:01:19]} 41. Rg5 {[%emt 0:31:07]} Qe7 {[%emt 0:34:21]} 42. Rxg7 {[%emt 0:06:02]} Qe1+ {[%emt 0:00:00]} 43. Ka2 {[%emt 0:00:00]} Qe2 {[%emt 0:00:00]} 44. Bb3 {[%emt 0:00:00]} Ka7 {[%emt 0:00:00]} 45. c4 {[%emt 0:00:00]} Nb6 {[%emt 0:00:00]} 46. Qe3 {[%emt 0:00:00]} Re8 {[%emt 0:00:00]} 47. Qxe2 {[%emt 0:00:00]} Rxe2 {[%emt 0:00:00]} 48. c5 {[%emt 0:00:00]} Nc8 {[%emt 0:00:00]} 49. d5 {[%emt 0:00:00]} cxd5 {[%emt 0:00:00]} 50. Bxd5 {[%emt 0:00:00]} Ne7 {[%emt 0:00:00]} 51. Bc4 {[%emt 0:00:00]} Re5 {[%emt 0:00:00]} 52. b4 {[%emt 0:00:00]} Kb8 {[%emt 0:00:00]} 53. Rg3 {[%emt 0:00:00]} a5 {[%emt 0:00:00]} 54. Re3 {[%emt 0:00:00]} Rxe3 {[%emt 0:00:00]} 55. fxe3 {[%emt 0:00:00]} axb4 {[%emt 0:00:00]} 56. axb4 {[%emt 0:00:00]} b6 {[%emt 0:00:13]} 57. cxb6 {[%emt 0:00:00]} Kb7 {[%emt 0:00:05]} 58. Kb3 {[%emt 0:00:00]} Kxb6 {[%emt 0:00:06]} 59. Kc3 {[%emt 0:00:00]} Nc6 {[%emt 0:00:40]} 60. Be2 {[%emt 0:00:00]} Kc7 {[%emt 0:01:24]} 61. Bf3 {[%emt 0:00:00]} Ne5 {[%emt 0:00:21]} 62. Bd5 {[%emt 0:00:00]} Kd6 {[%emt 0:00:26]} 63. e4 {[%emt 0:00:00]} Nd7 {[%emt 0:00:20]} 64. Kc4 {[%emt 0:00:00]} Nb6+ {[%emt 0:04:54]} 65. Kb5 {[%emt 0:00:00]} Kc7 {[%emt 0:00:19]} 66. Ka6 {[%emt 0:00:00]} Nc8 {[%emt 0:00:32]} 67. b5 {[%emt 0:00:00]} Nb6 {[%emt 0:00:04]} 68. Ka5 {[%emt 0:00:00]} Nd7 {[%emt 0:00:09]} 69. Be6 {[%emt 0:00:00]} Nb6 {[%emt 0:00:03]} 70. e5 {[%emt 0:00:00]} Na8 {[%emt 0:00:08]} 71. Bb3 {[%emt 0:00:00]} Nb6 {[%emt 0:00:40]} 72. Bf7 {[%emt 0:00:31]} Kb7 {[%emt 0:01:38]} 73. Kb4 {[%emt 0:00:55]} Kc7 {[%emt 0:01:18]} 74. Bb3 {[%emt 0:00:21]} Nc8 {[%emt 0:01:07]} 75. Kc5 {[%emt 0:00:05]} Nb6 {[%emt 0:00:05]} 76. e6 {[%emt 0:00:19]} Nc8 {[%emt 0:00:04]} 77. Bd5 {[%emt 0:00:09]} Ne7 {[%emt 0:01:22]} 78. b6+ {[%emt 0:00:08]} Kd8 {[%emt 0:00:13]} 79. Be4 {[%emt 0:00:13]} Ng8 {[%emt 0:01:23]} 80. Kd6 {[%emt 0:16:19]} Nf6 {[%emt 0:00:09]} 81. b7 {[%emt 0:00:00]} 1-0

[Event "NED-ch Women 2021"]
[Site "Hoogeveen"]
[Date "2021.10.17"]
[Round "1.2"]
[White "Ratsma, Rosa"]
[Black "Keetman, Maaike"]
[Result "1/2-1/2"]
[WhiteElo "2297"]
[BlackElo "2145"]
[Annotator "ChessBase"]
[PlyCount "86"]
[EventDate "2021.10.17"]
[EventType "tourn"]
[EventCountry "NED"]
[SourceTitle "playchess.com"]
[Source "ChessBase"]
[SourceQuality "1"]
[TimeControl "40/5400+30:1800+30"]

1. e4 {[%emt 0:00:03]} e6 {[%emt 0:00:06]} 2. d4 {[%emt 0:00:07]} d5 {[%emt 0:00:07]} 3. Nc3 {[%emt 0:00:10]} Nf6 {[%emt 0:00:13]} 4. Bg5 {[%emt 0:00:13]} dxe4 {[%emt 0:00:20]} 5. Nxe4 {[%emt 0:00:10]} Be7 {[%emt 0:00:09]} 6. Nxf6+ {[%emt 0:00:36]} Bxf6 {[%emt 0:00:14]} 7. Bxf6 {[%emt 0:00:21]} Qxf6 {[%emt 0:00:08]} 8. Nf3 {[%emt 0:00:28]} c5 {[%emt 0:07:15]} 9. Bd3 {[%emt 0:16:25]} Nc6 {[%emt 0:04:30]} 10. dxc5 {[%emt 0:06:54]} Qxb2 {[%emt 0:18:25]} 11. O-O {[%emt 0:01:05]} O-O {[%emt 0:01:27]} 12. Qe1 {[%emt 0:09:33]} h6 {[%emt 0:43:22]} 13. Qe3 {[%emt 0:08:35]} Rd8 {[%emt 0:03:07]} 14. c3 {[%emt 0:12:19]} Ne7 {[%emt 0:02:40]} 15. Rfb1 {[%emt 0:06:15]} Qa3 {[%emt 0:00:10]} 16. Rb3 {[%emt 0:00:46]} Qa5 {[%emt 0:01:01]} 17. c4 {[%emt 0:03:29]} Nf5 {[%emt 0:06:27]} 18. Bxf5 {[%emt 0:03:14]} exf5 {[%emt 0:00:04]} 19. h3 {[%emt 0:08:25]} Qc7 {[%emt 0:03:42]} 20. Qe5 {[%emt 0:05:52]} Qxe5 {[%emt 0:02:50]} 21. Nxe5 {[%emt 0:00:07]} f6 {[%emt 0:00:07]} 22. Nf3 {[%emt 0:03:27]} a5 {[%emt 0:02:22]} 23. Re1 {[%emt 0:03:21]} Ra6 {[%emt 0:00:58]} 24. h4 {[%emt 0:02:52]} Kf7 {[%emt 0:01:17]} 25. h5 {[%emt 0:00:46]} a4 {[%emt 0:00:51]} 26. Rb5 {[%emt 0:01:16]} Rc6 {[%emt 0:00:46]} 27. Re3 {[%emt 0:03:24]} Rc7 {[%emt 0:00:19]} 28. Ra5 {[%emt 0:01:07]} Rd1+ {[%emt 0:00:56]} 29. Kh2 {[%emt 0:01:19]} Bd7 {[%emt 0:00:02]} 30. Nh4 {[%emt 0:00:53]} Be6 {[%emt 0:00:48]} 31. Ng6 {[%emt 0:00:59]} Rd8 {[%emt 0:00:28]} 32. Rxa4 {[%emt 0:00:50]} Rxc5 {[%emt 0:00:13]} 33. Ra7 {[%emt 0:00:41]} Rc7 {[%emt 0:00:18]} 34. Rb3 {[%emt 0:00:33]} Rb8 {[%emt 0:00:52]} 35. Rb5 {[%emt 0:00:38]} Bxc4 {[%emt 0:00:21]} 36. Rxf5 {[%emt 0:00:13]} Bd3 {[%emt 0:00:50]} 37. Rf3 {[%emt 0:00:45]} Bxg6 {[%emt 0:00:25]} 38. hxg6+ {[%emt 0:00:05]} Kxg6 {[%emt 0:00:02]} 39. Rb3 {[%emt 0:00:44]} Rc2 {[%emt 0:00:57]} 40. Kg1 {[%emt 0:00:42]} Rc1+ {[%emt 0:00:32]} 41. Kh2 {[%emt 0:30:07]} Rc2 {[%emt 0:30:44]} 42. Kg1 {[%emt 0:00:25]} Rc1+ {[%emt 0:00:00]} 43. Kh2 {[%emt 0:00:00]} Rc2 {[%emt 0:00:00]} 1/2-1/2

[Event "NED-ch Women 2021"]
[Site "Hoogeveen"]
[Date "2021.10.17"]
[Round "1.3"]
[White "Kazarian, Anna-Maja"]
[Black "Lanchava, Tea"]
[Result "1-0"]
[WhiteElo "2125"]
[BlackElo "2214"]
[Annotator "ChessBase"]
[PlyCount "111"]
[EventDate "2021.10.17"]
[EventType "tourn"]
[EventCountry "NED"]
[SourceTitle "playchess.com"]
[Source "ChessBase"]
[SourceQuality "1"]
[TimeControl "40/5400+30:1800+30"]

1. e4 {[%emt 0:00:03]} g6 {[%emt 0:00:26]} 2. d4 {[%emt 0:00:13]} Bg7 {[%emt 0:00:22]} 3. Nc3 {[%emt 0:00:16]} d6 {[%emt 0:00:43]} 4. f4 {[%emt 0:02:39]} Nf6 {[%emt 0:01:31]} 5. Nf3 {[%emt 0:03:54]} O-O {[%emt 0:00:26]} 6. Bd3 {[%emt 0:01:25]} c5 {[%emt 0:00:46]} 7. dxc5 {[%emt 0:10:15]} dxc5 {[%emt 0:05:27]} 8. e5 {[%emt 0:02:07]} Nd5 {[%emt 0:04:01]} 9. Nxd5 {[%emt 0:02:21]} Qxd5 {[%emt 0:00:10]} 10. Qe2 {[%emt 0:01:30]} Bf5 {[%emt 0:08:57]} 11. Bxf5 {[%emt 0:03:30]} gxf5 {[%emt 0:00:08]} 12. O-O {[%emt 0:01:26]} Nc6 {[%emt 0:06:00]} 13. Be3 {[%emt 0:20:11]} f6 {[%emt 0:14:31]} 14. Rad1 {[%emt 0:12:36]} Qe4 {[%emt 0:06:38]} 15. Nd2 {[%emt 0:10:44]} Qxc2 {[%emt 0:08:19]} 16. Rc1 {[%emt 0:00:47]} Qa4 {[%emt 0:00:37]} 17. Bxc5 {[%emt 0:09:19]} fxe5 {[%emt 0:03:06]} 18. fxe5 {[%emt 0:05:00]} Qxa2 {[%emt 0:10:35]} 19. Nf3 {[%emt 0:02:11]} Rac8 {[%emt 0:11:24]} 20. Kh1 {[%emt 0:08:11]} Qd5 {[%emt 0:05:16]} 21. e6 {[%emt 0:01:25]} Qe4 {[%emt 0:03:00]} 22. Qb5 {[%emt 0:00:52]} b6 {[%emt 0:02:30]} 23. Ba3 {[%emt 0:00:23]} Qxe6 {[%emt 0:03:24]} 24. Ng5 {[%emt 0:00:05]} Qg6 {[%emt 0:01:00]} 25. Qd5+ {[%emt 0:00:07]} Kh8 {[%emt 0:01:50]} 26. Ne6 {[%emt 0:00:04]} Ne5 {[%emt 0:01:29]} 27. Nxf8 {[%emt 0:00:51]} Rxf8 {[%emt 0:00:04]} 28. Bxe7 {[%emt 0:01:01]} Rg8 {[%emt 0:00:36]} 29. b4 {[%emt 0:00:57]} Qh6 {[%emt 0:00:14]} 30. Bd6 {[%emt 0:00:22]} Ng4 {[%emt 0:00:33]} 31. Bf4 {[%emt 0:00:25]} Qh5 {[%emt 0:00:49]} 32. h3 {[%emt 0:00:44]} Nf6 {[%emt 0:00:06]} 33. Qf3 {[%emt 0:00:11]} Qg6 {[%emt 0:00:12]} 34. Rc6 {[%emt 0:00:34]} Qe8 {[%emt 0:00:07]} 35. Rc7 {[%emt 0:00:41]} a6 {[%emt 0:00:27]} 36. Qb7 {[%emt 0:00:34]} Qe2 {[%emt 0:00:14]} 37. Rg1 {[%emt 0:00:21]} Nh5 {[%emt 0:00:27]} 38. Bh2 {[%emt 0:00:34]} f4 {[%emt 0:01:03]} 39. Rc8 {[%emt 0:00:38]} Qe6 {[%emt 0:01:42]} 40. Rxg8+ {[%emt 0:00:11]} Kxg8 {[%emt 0:00:21]} 41. Qb8+ {[%emt 0:30:33]} Bf8 {[%emt 0:30:26]} 42. Bxf4 {[%emt 0:00:31]} Nf6 {[%emt 0:00:00]} 43. Bh6 {[%emt 0:00:00]} Nd7 {[%emt 0:00:00]} 44. Qg3+ {[%emt 0:00:00]} Qg6 {[%emt 0:00:00]} 45. Qb3+ {[%emt 0:00:00]} Kh8 {[%emt 0:00:00]} 46. Qc3+ {[%emt 0:00:00]} Kg8 {[%emt 0:00:00]} 47. Qc4+ {[%emt 0:00:00]} Kh8 {[%emt 0:00:00]} 48. Bxf8 {[%emt 0:00:00]} Nxf8 {[%emt 0:00:00]} 49. Rf1 {[%emt 0:00:00]} Kg7 {[%emt 0:00:00]} 50. Qxa6 {[%emt 0:00:00]} Qd6 {[%emt 0:00:14]} 51. Qa1+ {[%emt 0:00:00]} Kg6 {[%emt 0:01:05]} 52. Qh8 {[%emt 0:00:00]} Nd7 {[%emt 0:00:52]} 53. Qg8+ {[%emt 0:00:00]} Kh6 {[%emt 0:00:07]} 54. Rf7 {[%emt 0:00:00]} Qd1+ {[%emt 0:01:21]} 55. Kh2 {[%emt 0:00:00]} Qd6+ {[%emt 0:02:19]} 56. Qg3 {[%emt 0:00:00]} 1-0

[Event "NED-ch Women 2021"]
[Site "Hoogeveen"]
[Date "2021.10.17"]
[Round "1.4"]
[White "Haast, Anne"]
[Black "Peng, Zhaoqin"]
[Result "1/2-1/2"]
[WhiteElo "2310"]
[BlackElo "2359"]
[Annotator "ChessBase"]
[PlyCount "184"]
[EventDate "2021.10.17"]
[EventType "tourn"]
[EventCountry "NED"]
[SourceTitle "playchess.com"]
[Source "ChessBase"]
[SourceQuality "1"]
[TimeControl "40/5400+30:1800+30"]

1. e4 {[%emt 0:00:04]} e6 {[%emt 0:00:22]} 2. d4 {[%emt 0:04:55]} d5 {[%emt 0:00:07]} 3. Nc3 {[%emt 0:00:46]} Bb4 {[%emt 0:00:17]} 4. e5 {[%emt 0:03:04]} c5 {[%emt 0:00:29]} 5. a3 {[%emt 0:01:22]} Bxc3+ {[%emt 0:00:10]} 6. bxc3 {[%emt 0:00:11]} Qa5 {[%emt 0:00:20]} 7. Bd2 {[%emt 0:02:48]} Qa4 {[%emt 0:00:14]} 8. Nf3 {[%emt 0:04:43]} b6 {[%emt 0:04:05]} 9. Qb1 {[%emt 0:06:25]} Ba6 {[%emt 0:03:45]} 10. Bxa6 {[%emt 0:02:50]} Qxa6 {[%emt 0:14:58]} 11. a4 {[%emt 0:02:39]} Ne7 {[%emt 0:01:23]} 12. Qb5+ {[%emt 0:05:29]} Qxb5 {[%emt 0:03:48]} 13. axb5 {[%emt 0:04:39]} O-O {[%emt 0:17:17]} 14. Ra2 {[%emt 0:17:23]} cxd4 {[%emt 0:08:59]} 15. cxd4 {[%emt 0:00:58]} a5 {[%emt 0:00:15]} 16. Bb4 {[%emt 0:14:40]} Ra7 {[%emt 0:00:23]} 17. Kd2 {[%emt 0:00:57]} Rc8 {[%emt 0:00:49]} 18. g4 {[%emt 0:02:58]} Ng6 {[%emt 0:07:41]} 19. Bd6 {[%emt 0:01:29]} Nd7 {[%emt 0:06:33]} 20. h4 {[%emt 0:01:10]} f6 {[%emt 0:01:39]} 21. h5 {[%emt 0:02:59]} Nh8 {[%emt 0:00:15]} 22. Re1 {[%emt 0:14:36]} Nf7 {[%emt 0:01:11]} 23. c3 {[%emt 0:02:03]} Nxd6 {[%emt 0:04:12]} 24. exd6 {[%emt 0:00:01]} Nf8 {[%emt 0:00:07]} 25. g5 {[%emt 0:01:07]} Rd7 {[%emt 0:04:47]} 26. h6 {[%emt 0:00:43]} fxg5 {[%emt 0:02:36]} 27. hxg7 {[%emt 0:00:56]} Kxg7 {[%emt 0:01:10]} 28. Nxg5 {[%emt 0:00:43]} Rxd6 {[%emt 0:00:16]} 29. Rh1 {[%emt 0:01:01]} h6 {[%emt 0:12:20]} 30. Nf3 {[%emt 0:00:01]} Ng6 {[%emt 0:00:06]} 31. Raa1 {[%emt 0:00:11]} Rf8 {[%emt 0:00:38]} 32. Ke3 {[%emt 0:00:44]} Ne7 {[%emt 0:03:37]} 33. Rag1+ {[%emt 0:01:02]} Kf7 {[%emt 0:00:08]} 34. Ne5+ {[%emt 0:00:38]} Ke8 {[%emt 0:00:02]} 35. f3 {[%emt 0:00:28]} Rd8 {[%emt 0:01:30]} 36. Kd3 {[%emt 0:00:19]} Rg8 {[%emt 0:00:55]} 37. Re1 {[%emt 0:00:49]} Nf5 {[%emt 0:00:53]} 38. Ng4 {[%emt 0:00:15]} Rg6 {[%emt 0:00:14]} 39. Rh5 {[%emt 0:00:43]} Kf8 {[%emt 0:00:35]} 40. Re5 {[%emt 0:00:56]} Kg7 {[%emt 0:00:33]} 41. Re1 {[%emt 0:05:35]} Rc8 {[%emt 0:09:04]} 42. Rh3 {[%emt 0:00:41]} Nd6 {[%emt 0:03:59]} 43. Rxh6 {[%emt 0:10:38]} Rxh6 {[%emt 0:00:17]} 44. Nxh6 {[%emt 0:00:04]} Nxb5 {[%emt 0:01:41]} 45. Rxe6 {[%emt 0:00:22]} Rxc3+ {[%emt 0:00:07]} 46. Kd2 {[%emt 0:00:08]} Rxf3 {[%emt 0:01:31]} 47. Rxb6 {[%emt 0:00:37]} Nxd4 {[%emt 0:00:46]} 48. Ng4 {[%emt 0:00:26]} Ra3 {[%emt 0:05:18]} 49. Ne3 {[%emt 0:05:49]} Nf3+ {[%emt 0:03:38]} 50. Ke2 {[%emt 0:00:23]} Ng1+ {[%emt 0:02:18]} 51. Kd2 {[%emt 0:01:15]} Nf3+ {[%emt 0:01:28]} 52. Ke2 {[%emt 0:00:05]} d4 {[%emt 0:01:19]} 53. Nc4 {[%emt 0:00:45]} Rc3 {[%emt 0:01:01]} 54. Nxa5 {[%emt 0:00:44]} Ne5 {[%emt 0:00:59]} 55. Nb3 {[%emt 0:03:41]} d3+ {[%emt 0:01:21]} 56. Kd1 {[%emt 0:00:34]} Nc4 {[%emt 0:01:51]} 57. Rb7+ {[%emt 0:00:20]} Kg6 {[%emt 0:00:31]} 58. Nc1 {[%emt 0:01:13]} d2 {[%emt 0:01:21]} 59. Nb3 {[%emt 0:00:27]} Rd3 {[%emt 0:00:22]} 60. Nxd2 {[%emt 0:00:36]} Rxd2+ {[%emt 0:00:06]} 61. Kc1 {[%emt 0:00:37]} Rh2 {[%emt 0:00:36]} 62. Rc7 {[%emt 0:00:30]} Ne5 {[%emt 0:00:22]} 63. Rc8 {[%emt 0:00:46]} Kf5 {[%emt 0:02:25]} 64. Kb1 {[%emt 0:00:19]} Ke4 {[%emt 0:00:00]} 65. Rd8 {[%emt 0:00:32]} Nc6 {[%emt 0:00:00]} 66. Rg8 {[%emt 0:00:52]} Nd4 {[%emt 0:00:00]} 67. Rg4+ {[%emt 0:01:31]} Kd3 {[%emt 0:00:42]} 68. Rg3+ {[%emt 0:00:07]} Kc4 {[%emt 0:00:03]} 69. Rg4 {[%emt 0:00:31]} Rf2 {[%emt 0:00:45]} 70. Rh4 {[%emt 0:01:29]} Kb3 {[%emt 0:00:55]} 71. Kc1 {[%emt 0:02:10]} Kc3 {[%emt 0:00:46]} 72. Kb1 {[%emt 0:00:41]} Rf1+ {[%emt 0:00:34]} 73. Ka2 {[%emt 0:00:05]} Rf2+ {[%emt 0:00:14]} 74. Ka3 {[%emt 0:01:09]} Rf8 {[%emt 0:00:46]} 75. Ka2 {[%emt 0:00:41]} Ra8+ {[%emt 0:00:24]} 76. Kb1 {[%emt 0:00:05]} Rb8+ {[%emt 0:00:33]} 77. Kc1 {[%emt 0:00:24]} Rg8 {[%emt 0:00:45]} 78. Rh3+ {[%emt 0:00:24]} Kc4 {[%emt 0:00:08]} 79. Rh4 {[%emt 0:00:56]} Rg2 {[%emt 0:00:34]} 80. Kb1 {[%emt 0:00:25]} Rf2 {[%emt 0:00:31]} 81. Rh8 {[%emt 0:00:34]} Nb5 {[%emt 0:00:28]} 82. Kc1 {[%emt 0:00:31]} Nd4 {[%emt 0:00:41]} 83. Kb1 {[%emt 0:00:22]} Kc3 {[%emt 0:00:25]} 84. Rc8+ {[%emt 0:00:18]} Kd3 {[%emt 0:00:31]} 85. Rh8 {[%emt 0:00:58]} Nb5 {[%emt 0:00:37]} 86. Rh3+ {[%emt 0:00:30]} Kc4 {[%emt 0:00:04]} 87. Kc1 {[%emt 0:00:28]} Rg2 {[%emt 0:00:24]} 88. Rh8 {[%emt 0:01:01]} Nc3 {[%emt 0:00:59]} 89. Rc8+ {[%emt 0:00:42]} Kd4 {[%emt 0:00:20]} 90. Rc4+ {[%emt 0:00:22]} Kd3 {[%emt 0:00:19]} 91. Rd4+ {[%emt 0:00:13]} Ke3 {[%emt 0:00:15]} 92. Rd3+ {[%emt 0:00:12]} Kxd3 {[%emt 0:01:47]} 1/2-1/2

[Event "NED-ch Women 2021"]
[Site "Hoogeveen"]
[Date "2021.10.18"]
[Round "2.1"]
[White "Van Foreest, Machteld"]
[Black "Peng, Zhaoqin"]
[Result "0-1"]
[WhiteElo "2132"]
[BlackElo "2359"]
[Annotator "TA"]
[PlyCount "78"]
[EventDate "2021.10.17"]
[EventType "tourn"]
[EventCountry "NED"]
[SourceTitle "playchess.com"]
[Source "ChessBase"]
[SourceQuality "1"]

{[%evp 10,78,0,-15,18,15,27,12,25,12,53,36,44,58,52,43,58,54,43,33,60,37,43,32,25,31,26,6,3,16,13,22,108,24,123,8,229,105,86,0,0,0,0,0,0,-20,-19,-52,-32,-64,-84,-69,-62,-155,-135,-285,-278,-374,-252,-255,-277,-567,-490,-727,-719,-711,-697,-689,-677,-640,-631]} 1. e4 e6 2. d4 d5 3. Nd2 Nc6 4. c3 e5 5. Bb5 exd4 6. cxd4 Nge7 {C04: French Tarrasch: 3...Nc6.} 7. Ne2 {[#]} a6 $146 ({Predecessor:} 7... dxe4 8. Nxe4 Bf5 9. N4g3 Bd7 10. O-O g6 11. Bg5 Bg7 12. Qd2 O-O 13. Bh6 a6 14. Bxg7 Kxg7 {1-0 (42) Semenova,S-Bazhanova,E Nizhnij Novgorod 1999}) 8. Ba4 dxe4 {The position is equal.} 9. Nxe4 Bf5 10. N4g3 Qd7 11. O-O {Hoping for d5!} O-O-O 12. Be3 h5 13. Rc1 h4 14. Nxf5 Qxf5 15. h3 Nb4 16. Nc3 Nbd5 17. Bc2 Qh5 18. Qd2 Kb8 $1 19. Bd1 Qg6 20. Bf3 f5 (20... Nxe3 $11 21. fxe3 c6) 21. Qc2 (21. Bg5 $16 {And now Nxd5 would win.} Rd7 22. Rce1) 21... c6 (21... Nxe3 $11 {keeps the balance.} 22. fxe3 Qf7) 22. Qb3 (22. Bd2 $16) 22... Qd6 $2 {[#]} (22... Nxe3 $11 {and Black is okay.} 23. fxe3 Qh6) 23. Na4 (23. Bg5 $18) 23... Qb4 $16 24. Qc2 ({Better is} 24. Qxb4 $16 Nxb4 25. Bf4+ Ka8 26. Bg5) 24... Nxe3 $11 25. fxe3 Nd5 26. Bxd5 Rxd5 27. a3 Qe7 28. Qb3 Qe8 29. Qd3 g6 $1 30. Nb6 Rd8 31. d5 ({White should try} 31. Nc4 $15) 31... cxd5 32. Rc3 (32. Rfd1 $17) 32... Bg7 $19 33. Rc2 Qb5 34. Qxb5 axb5 35. Rfc1 $2 (35. Rd1 {keeps fighting.} d4 36. Rc5) 35... d4 {Black is clearly winning.} 36. Rc7 (36. Kf1 $142 dxe3 37. a4) 36... Bh6 37. R1c5 Bxe3+ 38. Kf1 d3 39. Nd7+ {[#]} Rxd7 $1 {Weighted Error Value: White=0.46/Black=0.30} 0-1

[Event "NED-ch Women 2021"]
[Site "Hoogeveen"]
[Date "2021.10.18"]
[Round "2.2"]
[White "Lanchava, Tea"]
[Black "Haast, Anne"]
[Result "1-0"]
[WhiteElo "2214"]
[BlackElo "2310"]
[Annotator "TA"]
[PlyCount "83"]
[EventDate "2021.10.17"]
[EventType "tourn"]
[EventCountry "NED"]
[SourceTitle "playchess.com"]
[Source "ChessBase"]
[SourceQuality "1"]

{[%evp 13,83,-20,0,-20,-20,-32,-40,-29,-28,-20,10,10,15,10,10,10,20,0,43,48,47,38,39,20,26,-31,-9,-41,0,-115,0,0,0,0,0,0,0,0,0,0,0,0,0,-54,22,17,31,49,18,27,23,27,111,76,481,0,676,645,1913,186,204,208,29973,29974,29974,29976,29976,29977,29975,29975,5221,5214]} 1. c4 e5 2. Nc3 Nf6 3. Nf3 Nc6 4. e3 Bb4 5. Qc2 O-O 6. Nd5 Re8 7. a3 Bf8 8. Bd3 {Black should prevent Nxf6+. A28: English Opening: Four Knights Variation.} g6 9. h4 Bg7 10. Nxf6+ {Black is slightly better.} Qxf6 {[#]} 11. h5 $146 ({Predecessor:} 11. Be4 d6 12. b4 Bf5 13. Bb2 Bxe4 14. Qxe4 Qf5 15. Qxf5 gxf5 16. h5 e4 17. Bxg7 Kxg7 {½-½ (43) Corvi,M (2319)-Gosio,D (2151) Genova 2001}) 11... Ne7 12. hxg6 hxg6 13. e4 a5 14. Be2 Nc6 15. d3 Nd4 (15... d6 {keeps more tension.} 16. Bg5 Qe6 17. O-O-O Bd7 18. Bd2 a4) 16. Nxd4 exd4 17. f4 d6 18. Bd2 Bd7 19. O-O-O (19. a4 $11) 19... b5 $15 20. g4 bxc4 21. dxc4 (21. Qxc4 $11 c6 22. Qc2) 21... Rab8 (21... d3 $1 $17 {[%cal Rd3c2]} 22. Bxd3 Ba4 $1) 22. Bd3 $11 Bxg4 23. Rdf1 Be2 {[%mdl 64] Decoy} 24. Bxe2 d3 $1 {[%cal Rd3c2][%mdl 64] Double Attack} 25. e5 $1 {[%cal Re5f6]} dxe5 26. Bxd3 {Black must now prevent Bc3.} e4 $1 {[%cal Re4d3]} 27. Bc3 exd3 28. Qxd3 {[#]} (28. Qh2 $11 d2+ 29. Qxd2 (29. Kd1 $2 Re1+ 30. Rxe1 dxe1=Q+ 31. Rxe1 Qf5 $17)) 28... Qb6 (28... Rb3 $1 $15 29. Rf3 (29. f5 Qg5+) 29... Qc6) 29. Bxg7 Kxg7 30. Qc3+ f6 31. Rd1 {White threatens Rd7+ and mate.} Qe6 32. Kb1 a4 (32... Rbd8 $11 {remains equal.}) 33. Ka1 Rb3 $2 {[%mdl 8192] [#]} (33... Rbd8 $16 {is tougher.}) 34. Qc2 $2 (34. Qd2 $1 $18) 34... Qe7 $2 {[%mdl 8192]} (34... f5 $11) 35. Qh2 $18 {White wants to mate with Qh7+.} Rg8 {[#]} 36. Qh6+ $2 $40 {[%mdl 128] Black is in trouble.} (36. Rd7 $3 {[%mdl 512] Qh7+ would kill now.} Re3 37. Rxe7+ Rxe7 38. f5) 36... Kf7 {( -> ...Rxa3+!)} 37. Rhe1 Rxa3+ $2 (37... Re3 $18 38. Qh7+ Rg7) 38. Kb1 (38. bxa3 {leads to mate.} Qxa3+ 39. Kb1 Rb8+ 40. Kc2 Rb2+ 41. Kc1 Qc3#) 38... Re3 39. Rxe3 Qxe3 40. Qh7+ Rg7 41. Rd7+ {[%mdl 64] Double Attack} Ke6 42. Qxg7 {Weighted Error Value: White=0.38/Black=0.84} 1-0